| 000 | 00796nam a2200229 i 4500 | ||
|---|---|---|---|
| 001 | 155610 | ||
| 003 | ES-MaACL | ||
| 005 | 20250721145132.0 | ||
| 008 | 011106s1883 be ab |||| | fre d | ||
| 040 |
_aCCPB | B _bspa _cCCPB | B |
||
| 100 | 1 |
_aHouzeau, J.C. _9128046 |
|
| 245 | 1 | 0 |
_aTraité élémentaire de météorologie / _cpar J.-C. Houzeau et A. Lancaster. |
| 250 | _a2e éd. | ||
| 260 |
_aMons : _bHector Manceaux, imprimeur-éditeur, _c1883. |
||
| 300 |
_a324 p., [2] h. de mapas pleg. : _bil. ; _c20 cm. |
||
| 490 | 1 | _aBibliothèque belge | |
| 650 | 7 |
_aMeteorología _2embne _915017 |
|
| 700 | 1 |
_aLancaster, A. _tTraité élémentaire de météorologie. _9128646 |
|
| 830 | 0 |
_aBibliothèque belge _9221582 |
|
| 852 |
_aES-MaACL _jD-4701 _z-- Rust. |
||
| 999 |
_c155610 _d155610 |
||